000 00587cab a2200205 4500
001 ABS41548
008 090401t1989 xxu||||| |||| 00| 0 eng d
035 _a(Sirsi) u30858
041 _aeng
100 _aMoore, M.
245 _aPlanning for staff shortages
260 _c1989
350 _a0
490 _aLaw Society`s Gazette
_v86(34) 27 September 1989, 27-28(2)
520 _aAssesses the likely effects of the " demographic timebomb " on recruitment to the legal profession.
650 _aGRADUATES
690 _aECONOMIC AND SOCIAL
942 _n0
948 _c04/03/1997
999 _c20783
_d20783